00844 2200217 4500001002100000005001700021008004100038035002500079040001200104082001400116084001800130100004600148245023800194260004100432300002800473650005900501850001200560990001800572990001800590990001800608INLIS00000000000771520150908160040.0  a0010-071500000000398 aYOPDYOG 223a353.3 aR 353.3 Ind P aINDONESIA [Undang-undang, peraturan, dsb] aPeraturan Pemerintah No.28 Tahun 2012 tentang pelaksanaan UU No.43 Tahun 2009 tentang kearsipan dan himpunan peraturan tentang perjalanan dinas dalam negeri dan luar negeri bagi pejabat negara, pegawai negeri, dan pegawai tidak tetap aJakartabCipta Media Indonesiac2012 axii, 358 hlm.c; 21 cm. aPejabat negara - Perjalanan dinas - Aspek Pemerintahan aYOPDYOG a19119-PD/B.15 a19120-PD/B.15 a19121-PD/B.15